Tratado clínico de las enfermedades del sistema nervioso / (Record no. 163976)

MARC details
000 -LEADER
campo de control de longitud fija 00834nam a2200217 i 4500
001 - NÚMERO DE CONTROL
campo de control 163976
003 - IDENTIFICADOR DE NÚMERO DE CONTROL
campo de control ES-MaACL
005 - FECHA Y HORA DE LA ÚLTIMA TRANSACCIÓN
campo de control 20251017063109.0
008 - DATOS DE LONGITUD FIJA--INFORMACIÓN GENERAL
campo de control de longitud fija 000414s1878 sp |||| | spa d
040 ## - FUENTE DE CATALOGACIÓN
Centro catalogador/agencia de origen CAM
Lengua de catalogación spa
Centro/agencia transcriptor CAM
100 1# - ENTRADA PRINCIPAL--NOMBRE DE PERSONA
Nombre de persona Rosenthal, Isidor,
Fechas asociadas al nombre 1836-1915
9 (RLIN) 147528
245 10 - MENCIÓN DEL TÍTULO
Título Tratado clínico de las enfermedades del sistema nervioso /
Mención de responsabilidad, etc. por M. Rosenthal ; versión española de Ramón Serret Comin.
260 ## - PUBLICACIÓN, DISTRIBUCIÓN, ETC.
Lugar de publicación, distribución, etc. Madrid :
Nombre del editor, distribuidor, etc. [s.n.],
Fecha de publicación, distribución, etc. 1878 (
Fabricante imprenta de Enrique Teodoro)
300 ## - DESCRIPCIÓN FÍSICA
Extensión [4], 849 p. ;
Dimensiones 24 cm.
490 1# - MENCIÓN DE SERIE
Mención de serie Biblioteca escogida de "El siglo médico"
650 04 - PUNTO DE ACCESO ADICIONAL DE MATERIA--TÉRMINO DE MATERIA
Término de materia o nombre geográfico como elemento de entrada Sistema nervioso-
Subdivisión general Enfermedades.
9 (RLIN) 17135
700 1# - ENTRADA AGREGADA--NOMBRE PERSONAL
Nombre de persona Serret Comín, Ramón.
9 (RLIN) 105834
830 0# - PUNTO DE ACCESO ADICIONAL DE SERIE-TÍTULO UNIFORME
Título uniforme Biblioteca escogida de "El siglo médico"
9 (RLIN) 182501
852 ## - LOCALIZACIÓN
Ubicación ES-MaACL
Número de control de estantería F-12298
Nota libre -- Enc. hol.
Holdings
Estatus retirado Estado de pérdida Estado de daño No para préstamo Colección Biblioteca de origen Biblioteca actual Ubicación en estantería Fecha de adquisición Fuente de adquisición Total de préstamos Signatura topográfica completa Código de barras Visto por última vez Precio de reemplazo Tipo de ítem Koha
        Libros del s. XIX Biblioteca del Ateneo de Madrid Biblioteca del Ateneo de Madrid Sala Pecera Planta 2 17/01/2008     F-12298 1171859 23/02/2023 23/02/2023 Libro impreso antiguo